000 01012nam a22003017a 4500
003 EG-GICUC
005 20260121101326.0
008 251120t13761956ua |||fr|||| 000 0 ara d
040 _a EG-GICUC
_bara
_c EG-GICUC
_d EG-GICUC
_erda
041 0 _aara
082 0 4 _221
_a345.2
_bم ح . د
092 0 4 _221
099 _aLaw1 07 345.2 م ح . د 1376-1956
100 1 _aمحمد فؤاد مهنا
_eمؤلف.
245 1 0 _aدروس القانون الإداري /
_cمحمد فؤاد مهنا.
264 1 _aالقاهرة :
_b[الدار المصرية]،
_c[2006].
300 _a375 صفحة؛
_c24 سم.
336 _2rda content
_atext
337 _2rda media
_aComputer
338 _2rda carrier
_aOnline Resource
504 _aببليوجرافيا: صفحات.
546 _aالنص باللغة العربية
650 1 4 _aالتنظيم الإداري
_2qrmak
651 1 _2qrmak
856 4 0 _uhttps://fll.law.cu.edu.eg/fulltext/bks/B07-00754.pdf
905 _a78
942 _2ddc
_cBK
_e21
_n0
999 _c44965
_d44965